00271nam a2200121Ia 45000030006000000080041000060400015000471000025000622450024000872600009001115460012001200050017001320STCL150530s9999 xx 000 0 und d aSTCLcSTCL aJohn Gassner; Editor aBest american plays c1963 aEnglish20220125171338.0